| 000 | 00430nam a2200157Ia 4500 | ||
|---|---|---|---|
| 008 | 230718s9999 xx 000 0 und d | ||
| 041 | _aeng | ||
| 082 |
_a005.4'3 _bRUE |
||
| 100 | _aRuest D. | ||
| 245 |
_aVirtualization: _bA Biginner's Guide |
||
| 260 |
_c2009 _bTata Mc-Graw Hill |
||
| 300 | _a442 | ||
| 365 |
_cRs. _b550.00 |
||
| 700 |
_aRuest D. & Ruest N. _9189981 |
||
| 906 |
_dO:0017323-Jul-2009B:59223-Jun-2009 _cCOMP _b110 |
||
| 999 |
_c321744 _d321744 |
||